Normal view
MARC view
- Water Resource Engineering
Entry Topical Term
001 - CONTROL NUMBER
- control field: 36170
003 - CONTROL NUMBER IDENTIFIER
- control field: NUST
005 - DATE AND TIME OF LATEST TRANSACTION
- control field: 20210312152112.0
008 - FIXED-LENGTH DATA ELEMENTS
- fixed length control field: 210312|| aca||aabn | a|a d
040 ## - CATALOGING SOURCE
- Original cataloging agency: NUST
- Transcribing agency: NUST
150 ## - HEADING--TOPICAL TERM
- Topical term or geographic name entry element: Water Resource Engineering
- Topical term following geographic name entry element: Syn-34
670 ## - SOURCE DATA FOUND
- Source citation: Work cat.: (NUST)15130: Capt Saad Shahbaz 36169, Use of Nanoparticle Titanium Dioxide (TIO2) in Seepage Control, 2020.
